| 000 | 00532nam a2200145Ia 4500 | ||
|---|---|---|---|
| 008 | 100122s9999 xx 000 0 und d | ||
| 082 |
_b51722 _a823 |
||
| 100 | _aखोत चंद्रकांत | ||
| 245 | _aदोन डोळे शेजारी (क.क्र. 1/4 ) | ||
| 260 |
_bचौफेर प्रकाशन _c1996 |
||
| 300 | _a480 | ||
| 630 | _aदोन डोळे शेजारी (क.क्र. 1/4 ) | ||
| 730 | _aदोन डोळे शेजारी (क.क्र. 1/4 ) | ||
| 942 | _cBOOK | ||
| 999 |
_c429069 _d429066 |
||